133_ Personnalités nées un 13 mai par images - Statistiques

Statistiques générales
  • Ce quiz a été pris 38 fois
  • Le résultat moyen est 4 sur 9
Statistiques - réponses
Par images Hint Réponse % Correct
Animateur Nikos Aliagas
95%
Acteur Robert Pattinson
82%
Chanteur Grégory Lemarchal
76%
Footballeur Romelu Lukaku
58%
Chanteur Stevie Wonder
42%
Basketteur Dennis Rodman
24%
Actrice Audrey Pirault
21%
Animateur Stephen Colbert
13%
Militaire Lazare Carnot
0%
Aucun quiz correspondant
Distribution des résultats
% des personnes avec chaque résultat
Percentile par nombre de réponses
Votre historique - résultats
Vous n’avez pas pris ce quiz